Central Library OPAC University of Rajshahi

মুসলিম শাসনকাল ধর্মনিরপেক্ষতা ও বঙ্গবন্ধু [১২০৬-১৯৭৫] / (Record no. 47358)

MARC details
000 -LEADER
fixed length control field 01005nam a2200253 a 4500
001 - CONTROL NUMBER
control field 47358
003 - CONTROL NUMBER IDENTIFIER
rucl marc code BD-RjUL
005 - DATE AND TIME OF LATEST TRANSACTION
control field 20211209054312.0
008 - FIXED-LENGTH DATA ELEMENTS--GENERAL INFORMATION
fixed length control field 160808s1997 bg ||||| |||| 00| 0 ben d
020 ## - INTERNATIONAL STANDARD BOOK NUMBER
International Standard Book Number 9844013747
Terms of availability : Tk. 100.00
International Standard Book Number 9844013224
035 ## - SYSTEM CONTROL NUMBER
System control number (BD-RjUL)47477
040 ## - CATALOGING SOURCE
Original cataloging agency BD-RjUL
Language of cataloging eng
Transcribing agency BD-RjUL
041 ## - LANGUAGE CODE
Language code of text/sound track or separate title eng
082 ## - DEWEY DECIMAL CLASSIFICATION NUMBER
Classification number 320.95414
Author mark and year SAM 1997
100 ## - MAIN ENTRY--PERSONAL NAME
Personal name সাঈদ, আবু আল
9 (RLIN) 137784
245 10 - TITLE STATEMENT
Title মুসলিম শাসনকাল ধর্মনিরপেক্ষতা ও বঙ্গবন্ধু [১২০৬-১৯৭৫] /
Statement of responsibility, etc. আবু আল সাঈদ
260 ## - PUBLICATION, DISTRIBUTION, ETC. (IMPRINT)
Place of publication, distribution, etc. ঢাকা :
Name of publisher, distributor, etc. আগামী প্রকাশনী,
Date of publication, distribution, etc. ১৯৯৭ [মুদ্রণ ২০০১]
300 ## - PHYSICAL DESCRIPTION
Pagination ১৫৯ পৃ. ;
Size ২২ সেমি.
650 ## - SUBJECT ADDED ENTRY--TOPICAL TERM
Topical term or geographic name as entry element Muslims
General subdivision Political activity
Geographic subdivision India
-- Bengal.
9 (RLIN) 233378
Topical term or geographic name as entry element Politics and government
9 (RLIN) 144102
Topical term or geographic name as entry element রাজনীতি ও সরকার
9 (RLIN) 233379
942 ## - ADDED ENTRY ELEMENTS (KOHA)
Source of classification or shelving scheme Dewey Decimal Classification
Koha item type Books
Holdings
Lost status Source of classification or shelving scheme Damaged status Not for loan Collection code Permanent Location Current Location Shelving location Date acquired Source of acquisition Cost, normal purchase price Total Checkouts Full call number Date last seen Copy number Koha item type
  Dewey Decimal Classification     Non-fiction Central Library, University of Rajshahi Central Library, University of Rajshahi   10/01/1999 Agami Prokashana, Dhaka 100.00   B 320.95414 SAM 1997 08/08/2016 C-2 Books
  Dewey Decimal Classification   Not For Loan Non-fiction Central Library, University of Rajshahi Central Library, University of Rajshahi   10/01/1999 Agami Prokashana, Dhaka 100.00   B 320.95414 SAM 1997 04/05/2017 C-1 Books
  Dewey Decimal Classification     Non-fiction Central Library, University of Rajshahi Central Library, University of Rajshahi   23/09/2019 Vidyasagar, Rajshahi 150.00   B 320.95414 SAM 2001 01/10/2019 C-3 Books
  Dewey Decimal Classification     Non-fiction Central Library, University of Rajshahi Central Library, University of Rajshahi General Stacks 24/11/2021 Rajshahi, Biddyasagar 112.50   B 320.95414 SAM 1997 03/03/2022 C-4 Books
  Dewey Decimal Classification     Non-fiction Central Library, University of Rajshahi Central Library, University of Rajshahi General Stacks 24/11/2021 Rajshahi, Biddyasagar 112.50   B 320.95414 SAM 1997 03/03/2022 C-5 Books